000 00555nam a2200205Ia 4500
003 OSt
005 20230425161053.0
008 210423s2003 xx 000 0 und d
020 _a521815266
040 _cAL
041 _aeng
082 _a508.092
_223
_bGOPP
100 _aKING-HELE (Desmond).
_992991
245 _aCharles Darwins the life of erasmus darwin.
260 _aNew Delhi
_bCambridge University Press
_c2003
300 _axx,172
_bHB
365 _b995
_cINR
906 _aCharles ; darwin. ; Darwins ; erasmus ; life
942 _2ddc
_cBK
999 _c161046
_d161046